| 000 | 00716nam a2200277Ia 4500 | ||
|---|---|---|---|
| 008 | 170711s9999 xx 000 0 und d | ||
| 020 | _a9789712723377 | ||
| 050 | _a490.5 | ||
| 050 | _bM685 2010 | ||
| 100 | _aMizuguchi, Hiroyuki | ||
| 245 | _aJungle of no mercy : | ||
| 245 | _bmemoir of a Japanese soldier / | ||
| 245 | _cby Hiroyuki Mizuguchi. | ||
| 260 | _aPhilippines : | ||
| 260 | _bAnvil, | ||
| 260 | _c2010 | ||
| 300 | _avii, 217 pages : | ||
| 300 | _billustrations ; | ||
| 300 | _c22cm. | ||
| 650 | _aMizuguchi, Hiroyuki. | ||
| 650 | _aSoldiers -- Japan -- | ||
| 650 | _aWorld war, 1939-1945 -- | ||
| 650 | _xBiography. | ||
| 650 | _xPersonal narratives, Japan. | ||
| 700 | _aTitle. | ||
| 999 |
_c339891 _d339891 |
||